LIBRARY & INFORMATION CENTRE, KCAET, TAVANUR

ONLINE PUBLIC ACCESS CATALOGUE (OPAC)

Farming systems: theory and practice / (Record no. 13289)

MARC details
000 -LEADER
fixed length control field 00523cam a2200193ua 4500
041 ## - LANGUAGE CODE
Language code of text/sound track or separate title eng
082 ## - DEWEY DECIMAL CLASSIFICATION NUMBER
Classification number 631.5841
Item number SOL/FA
100 ## - MAIN ENTRY--AUTHOR NAME
Personal name Solaimalai, A .
245 ## - TITLE STATEMENT
Title Farming systems: theory and practice /
260 ## - PUBLICATION, DISTRIBUTION, ETC. (IMPRINT)
Place of publication Lucknow :
Name of publisher International book distributing co. ,
Year of publication 2005.
300 ## - PHYSICAL DESCRIPTION
Number of Pages 698 ;
Accompanying material CD.
700 1# - ADDED ENTRY--PERSONAL NAME
Personal name Chandrasekar, B .
700 1# - ADDED ENTRY--PERSONAL NAME
Personal name RAvisankar, N .
942 ## - ADDED ENTRY ELEMENTS (KOHA)
Koha item type Books
Holdings
Withdrawn status Lost status Damaged status Home library Current library Date acquired Full call number Accession Number Koha item type
      KAUAET KAUAET 07/04/2012 631.5841 21538 Books
free website counter